=LDR 00000nam 2200000 4500 =001 INLIS000000000039527 =005 20130612145142 =008 ***********************************ind** =035 ##$$0010-061300000039527 =041 ##$$a ind =082 ##$$a 92.pou =100 ##$$a rijadi, ign. slamet =245 ##$$a dari mengusir kempeitai sampai menumpas RMS =260 ##$$a gramedia $b jakarta =300 ##$$a 269 hlm, ilus =850 ##$$a NBPNMAT =990 ##$$a 0001/BPAP-NTB/2016